Cidades Brasileiras com uma População Maior que Um Milhão - Statistics

Estatísticas Gerais
  • Esse quiz foi jogado 12 868 vezes
  • A pontuação média é 13 de 17
Estatísticas das Respostas
População Ano Cidade % Correto
12.252.023 1913 São Paulo
100%
6.718.903 1933 Rio de Janeiro
99%
2.512.070 1967 Belo Horizonte
91%
2.872.347 1970 Salvador
90%
1.933.105 1979 Curitiba
87%
1.483.771 1975 Porto Alegre
86%
2.182.763 1991 Manaus
84%
3.015.268 1976 Brasília
81%
2.669.342 1974 Fortaleza
78%
1.645.727 1967 Recife
75%
1.516.113 1995 Goiânia
70%
1.492.745 1982 Belém
68%
1.204.073 2002 Campinas
68%
1.379.182 1997 Guarulhos
54%
1.101.884 2009 São Luís
51%
1.018.948 2017 Maceió
45%
1.084.839 2010 São Gonçalo
25%
Nenhum quiz correspondente encontrado
Distribuição das Pontuações
Porcentagem de Pessoas com Cada Pontuação
Percentil de Números Respondidos
Sua Pontuação Histórica
Você não jogou esse quiz